|
|
|
|
| LEADER |
00000nab a22000001a 4500 |
| 001 |
vtls008989346 |
| 003 |
SK-MaSNL |
| 005 |
20260305005017.0 |
| 008 |
060502d19351109xo |r|p|||| |000 b|slo |
| 015 |
|
|
|a SNBRRBVU1918-1938
|
| 038 |
|
|
|a SNKBUCL
|
| 040 |
|
|
|a SNKBUVU
|b slo
|c SNKBUCL
|e AACR2
|
| 041 |
0 |
|
|a slo
|
| 044 |
|
|
|a xo
|c SK
|
| 080 |
|
|
|a 75.071.1:061.4
|2 1997
|
| 245 |
0 |
0 |
|a Výstava súborných prác Miloša Bazovského v Prahe
|
| 600 |
1 |
7 |
|a Bazovský, Miloš Alexander,
|d 1899-1968
|2 MM
|9 103185
|
| 610 |
2 |
7 |
|a Elán (výstavná sieň : Praha, Česko)
|2 snkbucl
|9 101768
|
| 648 |
|
7 |
|a 1935
|2 MM
|9 308687
|
| 650 |
0 |
7 |
|a slovenské maliarstvo
|2 MM
|9 3124
|
| 650 |
0 |
7 |
|a výstavy
|2 MM
|9 2780
|
| 651 |
|
7 |
|a Praha (Česko)
|2 MM
|9 19313
|
| 773 |
0 |
|
|t Národnie noviny
|g Roč. 66, č. 95 (9.11.1935), s. 3
|
| 852 |
|
|
|a SNK
|b KIS3GCP
|
| 910 |
|
|
|a snkrbvumm
|
| 958 |
|
|
|a VY
|
| 999 |
|
|
|c 3238513
|d 3240443
|